000 00391nam a2200133Ia 4500
020 _a0072893710
040 _cKUK
082 _a370 CUS 1999 A074 Or.
100 1 _aCushner, Kenneth
245 1 0 _aHuman diversity in action :
_bdeveloping multicultural competencies for the classroom /
300 _avi, 209 pages :
_billustrations ;
_c28 cm
650 0 _aMulticultural education
942 _cEK
999 _c15087
_d15087